[Event "GER-ch Net blitz qual4"]
[Site "Playchess.com INT"]
[Date "2020.03.23"]
[Round "4"]
[White "Commercon, Simon"]
[Black "Hein, Ralf"]
[Result "1/2-1/2"]
[WhiteElo "2202"]
[BlackElo "2053"]
[PlyCount "148"]
[EventDate "2020.03.23"]
[EventType "swiss (blitz)"]
[EventRounds "9"]
[EventCountry "GER"]
[SourceTitle "CBM 195 Extra"]
[Source "ChessBase"]
[SourceDate "2020.05.31"]
[SourceVersion "1"]
[SourceVersionDate "2020.05.31"]
[SourceQuality "1"]

1. d4 Nf6 2. Nf3 g6 3. g3 Bg7 4. Bg2 0-0 5. 0-0 d6 6. b3 Nbd7 7. Bb2 a5 8. Re1 a4 9. e4 e5 10. dxe5 Ng4 11. bxa4 Ngxe5 12. Qc1 Qf6 13. Nxe5 Nxe5 14. Kh1 Qxf2 15. Nd2 Bh6 16. Bc3 Nc4 17. Rf1 Qc5 18. Nb3 Qh5 19. Qe1 Ne3 20. Bf3 Qh3 21. Rf2 Bg4 22. Qe2 Rae8 23. Nd2 Bxf3+ 24. Qxf3 Ng4 25. Re2 Ne5 26. Qf2 Ng4 27. Qg1 Ne5 28. Rf1 Ng4 29. Rf3 Qh5 30. Qg2 Ne5 31. Bxe5 Rxe5 32. Ref2 Rfe8 33. g4 Qh4 34. Rxf7 Bxd2 35. Qf3 Bh6 36. Rxc7 R5e7 37. Rxe7 Rxe7 38. Kg2 Qg5 39. h3 Qe5 40. Re2 Qf4 41. Qb3+ Kg7 42. a5 Rf7 43. Qc3+ Kg8 44. Qe1 Qe5 45. Qg3 Rf4 46. Qb3+ Kg7 47. Qxb7+ Rf7 48. Qd5 Qxd5 49. exd5 Bf4 50. Re4 Be5 51. a6 Ra7 52. Ra4 Kf7 53. Kf3 Ke7 54. Ke4 Kd7 55. c4 Kc7 56. c5 Kd7 57. Ra3 Bh2 58. c6+ Kc7 59. h4 Kb6 60. Rb3+ Kxa6 61. h5 gxh5 62. gxh5 Bg1 63. Kf5 Bc5 64. Ke6 Rg7 65. Rh3 Ka5 66. h6 Rc7 67. Rg3 Rc8 68. Rg7 Rh8 69. Rb7 Ka6 70. Ke7 Rg8 71. Ke6 Rh8 72. Kf6 Rg8 73. Kf5 Rf8+ 74. Ke6 Rh8 1/2-1/2

[Event "GER-ch Net blitz qual3"]
[Site "Playchess.com INT"]
[Date "2020.03.21"]
[Round "4"]
[White "Hein, Ralf"]
[Black "Kersten, Uwe"]
[Result "1-0"]
[WhiteElo "2053"]
[BlackElo "2252"]
[PlyCount "79"]
[EventDate "2020.03.21"]
[EventType "swiss (blitz)"]
[EventRounds "9"]
[EventCountry "GER"]
[SourceTitle "CBM 195 Extra"]
[Source "ChessBase"]
[SourceDate "2020.05.31"]
[SourceVersion "1"]
[SourceVersionDate "2020.05.31"]
[SourceQuality "1"]

1. Nf3 Nf6 2. g3 b6 3. Bg2 Bb7 4. 0-0 g6 5. d3 Bg7 6. e4 0-0 7. Nc3 e6 8. Re1 d6 9. h3 Nbd7 10. Be3 c5 11. Qd2 Re8 12. Bh6 Bh8 13. Nh4 a6 14. a4 Qc7 15. f4 Bc6 16. Kh2 b5 17. axb5 axb5 18. Ne2 Qb7 19. c3 Rxa1 20. Rxa1 Ra8 21. Rf1 Ra2 22. f5 Ne5 23. Bg5 Nfd7 24. fxe6 fxe6 25. Nf4 Nf8 26. Qe2 b4 27. cxb4 Rxb2 28. Qe3 Qxb4 29. Be7 Ned7 30. Bxd6 Qd4 31. Qf3 Qxd6 32. Nfxg6 Bf6 33. Nxf8 Qxf8 34. Qg4+ Kh8 35. Qxe6 Qg7 36. Nf5 Qg5 37. Qxc6 Qd2 38. Qc8+ Bd8 39. Qxd8+ Nf8 40. Qxf8# 1-0

[Event "GER-ch Net blitz qual2"]
[Site "Playchess.com INT"]
[Date "2020.03.16"]
[Round "7"]
[White "Hein, Ralf"]
[Black "Mittag, Ralf"]
[Result "0-1"]
[WhiteElo "2053"]
[BlackElo "2089"]
[PlyCount "76"]
[EventDate "2020.03.16"]
[EventType "swiss (blitz)"]
[EventRounds "9"]
[EventCountry "GER"]
[SourceTitle "CBM 195 Extra"]
[Source "ChessBase"]
[SourceDate "2020.05.31"]
[SourceVersion "1"]
[SourceVersionDate "2020.05.31"]
[SourceQuality "1"]

1. Nf3 g6 2. g3 Bg7 3. Bg2 c5 4. 0-0 Nc6 5. d3 e5 6. Nc3 Nge7 7. e4 0-0 8. a3 a5 9. Nd2 Rb8 10. Nc4 d6 11. a4 Be6 12. Ne3 f5 13. Ned5 h6 14. Bd2 Kh7 15. f4 Nb4 16. Rc1 Nexd5 17. Nxd5 Nxd5 18. exd5 Bd7 19. b3 Re8 20. Bc3 exf4 21. Bxg7 Kxg7 22. gxf4 Qf6 23. Qd2 b6 24. Rce1 Rxe1 25. Rxe1 Re8 26. Rxe8 Bxe8 27. Kf1 Bf7 28. h3 Qd4 29. c3 Qf6 30. Bf3 Qh4 31. Kg2 g5 32. fxg5 hxg5 33. Qe2 Qf4 34. c4 Kf6 35. Qe1 Qe5 36. Qxe5+ Kxe5 37. Kf2 Kd4 38. Ke2 Kc3 0-1

[Event "GER-ch Net blitz qual2"]
[Site "Playchess.com INT"]
[Date "2020.03.16"]
[Round "4"]
[White "Marcziter, Dmitrii"]
[Black "Hein, Ralf"]
[Result "0-1"]
[WhiteElo "2232"]
[BlackElo "2053"]
[PlyCount "84"]
[EventDate "2020.03.16"]
[EventType "swiss (blitz)"]
[EventRounds "9"]
[EventCountry "GER"]
[SourceTitle "CBM 195 Extra"]
[Source "ChessBase"]
[SourceDate "2020.05.31"]
[SourceVersion "1"]
[SourceVersionDate "2020.05.31"]
[SourceQuality "1"]

1. d4 Nf6 2. c4 g6 3. Nf3 Bg7 4. g3 0-0 5. Bg2 d6 6. Nc3 Nc6 7. 0-0 a6 8. h3 Rb8 9. e4 b5 10. cxb5 axb5 11. e5 Nd7 12. Ng5 dxe5 13. Bxc6 exd4 14. Nb1 h6 15. Nf3 Nc5 16. Qc2 Qd6 17. Nxd4 Bxd4 18. Bg2 Bf5 19. Qd1 Rfd8 20. Bf4 Bxf2+ 21. Kxf2 Qxd1 22. Rxd1 Rxd1 23. Bxc7 Rc8 24. Bf4 Nd3+ 25. Ke2 Rg1 26. Bd5 Rc2+ 27. Ke3 Re1+ 28. Kd4 e5+ 29. Bxe5 Nxe5 30. Na3 Rd2+ 31. Kc3 Rd3+ 32. Kb4 Rxa1 33. Bb3 Bd7 34. Nxb5 Bxb5 35. Kxb5 Rxg3 36. Bd5 Rxh3 37. a4 Rd3 38. Kc5 Rxd5+ 39. Kxd5 Rxa4 40. Kxe5 Rb4 41. Kd5 Rxb2 42. Kd4 h5 0-1

[Event "GER-ch Net blitz qual1"]
[Site "Playchess.com INT"]
[Date "2020.03.07"]
[Round "4"]
[White "Reichmann, Hendrik"]
[Black "Hein, Ralf"]
[Result "1-0"]
[WhiteElo "2344"]
[BlackElo "2053"]
[PlyCount "61"]
[EventDate "2020.03.07"]
[EventType "swiss (blitz)"]
[EventRounds "9"]
[EventCountry "GER"]
[SourceTitle "CBM 195 Extra"]
[Source "ChessBase"]
[SourceDate "2020.05.31"]
[SourceVersion "1"]
[SourceVersionDate "2020.05.31"]
[SourceQuality "1"]

1. d4 Nf6 2. Bf4 c5 3. e3 Qb6 4. Na3 d5 5. Nb5 Na6 6. c3 Bd7 7. a4 c4 8. b3 Bxb5 9. axb5 Qxb5 10. bxc4 dxc4 11. Nf3 Nd5 12. Ne5 Rc8 13. Rc1 g6 14. Be2 f6 15. Nf3 Nxf4 16. exf4 Bh6 17. g3 0-0 18. 0-0 Rfd8 19. Nd2 e5 20. Rb1 Qd7 21. Bxc4+ Kg7 22. Bxa6 bxa6 23. Qf3 exf4 24. Rb7 Rc7 25. Rfb1 Rdc8 26. Rxc7 Rxc7 27. Ne4 Qd5 28. Kg2 f5 29. Nc5 Qxf3+ 30. Kxf3 fxg3 31. Ne6+ 1-0

[Event "Hamburg-chT Landesliga 1819"]
[Site "Hamburg"]
[Date "2018.12.16"]
[Round "4.3"]
[White "Lansky, Georg"]
[Black "Hein, Ralf"]
[Result "1/2-1/2"]
[WhiteElo "1960"]
[BlackElo "2049"]
[PlyCount "160"]
[EventDate "2018.10.21"]
[EventType "team-tourn"]
[EventRounds "9"]
[EventCountry "GER"]
[SourceTitle "EXT 2020"]
[Source "ChessBase"]
[SourceDate "2019.10.17"]
[SourceVersion "1"]
[SourceVersionDate "2019.10.17"]
[SourceQuality "1"]
[WhiteTeam "Hamburg Weisse Dame"]
[BlackTeam "Hamburg Diogenes II"]
[WhiteTeamCountry "GER"]
[BlackTeamCountry "GER"]

1. e4 e5 2. Nf3 Nc6 3. Bc4 Be7 4. d4 d6 5. d5 Nb8 6. Bb5+ Bd7 7. Bxd7+ Qxd7 8. Qd3 Nf6 9. 0-0 0-0 10. c4 Na6 11. Nc3 Qg4 12. h3 Qd7 13. a3 Nh5 14. Rb1 g6 15. Qd1 f5 16. b4 f4 17. Bd2 Ng7 18. Ne1 Rf6 19. f3 g5 20. Nd3 h5 21. b5 Nc5 22. Nxc5 dxc5 23. Na4 Rg6 24. Bc3 Bd6 25. Kf2 Ne8 26. Nb2 Nf6 27. Nd3 Re8 28. Ke2 g4 29. hxg4 hxg4 30. Rh1 Qg7 31. Rh2 gxf3+ 32. gxf3 Rg2+ 33. Rxg2 Qxg2+ 34. Nf2 Nh5 35. Be1 Ng3+ 36. Kd3 Qf1+ 37. Kc3 Ne2+ 38. Kb2 Nd4 39. Rc1 a6 40. a4 Kf7 41. Qd3 Qxd3 42. Nxd3 Nxf3 43. bxa6 bxa6 44. Bf2 Nd2 45. Re1 Nxc4+ 46. Kc3 Nb6 47. a5 Nd7 48. Kc4 Rb8 49. Nxc5 Nxc5 50. Bxc5 Rb5 51. Bxd6 cxd6 52. Ra1 Kf6 53. Ra2 Rb8 54. Rh2 Kg5 55. Rg2+ Kh4 56. Rg6 f3 57. Rxd6 Rf8 58. Rxa6 f2 59. Rh6+ Kg3 60. Rh1 Kf3 61. d6 Kxe4 62. Rf1 Rc8+ 63. Kb5 Kf3 64. a6 e4 65. d7 Rd8 66. Rxf2+ Kxf2 67. Kc6 e3 68. Kc7 e2 69. Kxd8 e1Q 70. Kc7 Qa5+ 71. Kb7 Qb5+ 72. Kc7 Qc5+ 73. Kb7 Qd5+ 74. Kc7 Qc4+ 75. Kb7 Qb5+ 76. Kc7 Qa5+ 77. Kb7 Qd8 78. a7 Qxd7+ 79. Kb8 Qb5+ 80. Ka8 Ke3 1/2-1/2

[Event "GER-chT Betriebe 18th"]
[Site "Altenberg Zinnwald"]
[Date "2018.11.08"]
[Round "1.2"]
[White "Hein, Ralf"]
[Black "Lau, Peter"]
[Result "1-0"]
[WhiteElo "2053"]
[BlackElo "1770"]
[PlyCount "84"]
[EventDate "2018.11.08"]
[EventType "team-swiss"]
[EventRounds "7"]
[EventCountry "GER"]
[SourceTitle "EXT 2020"]
[Source "ChessBase"]
[SourceDate "2019.10.17"]
[SourceVersion "1"]
[SourceVersionDate "2019.10.17"]
[SourceQuality "1"]
[WhiteTeam "Hamburg Baubehoerde"]
[BlackTeam "Altenberg Europark"]
[WhiteTeamCountry "GER"]
[BlackTeamCountry "GER"]

1. d4 f5 2. Nf3 Nf6 3. c4 g6 4. e3 Bg7 5. Be2 d6 6. 0-0 0-0 7. Nc3 Nc6 8. d5 Ne5 9. Nd4 c5 10. Nf3 Nf7 11. Bd3 Ng4 12. e4 Nfe5 13. Nxe5 Nxe5 14. Be2 fxe4 15. Nxe4 Bf5 16. Ng3 Bd7 17. f4 Nf7 18. Bd3 Nh6 19. Qc2 Nf5 20. Nxf5 Bxf5 21. Bxf5 Rxf5 22. Be3 Qd7 23. Rae1 Raf8 24. Re2 R5f7 25. Rfe1 a6 26. Bc1 b5 27. b3 Re8 28. Re6 Bd4+ 29. Kh1 Rf6 30. Qe4 bxc4 31. bxc4 Rxe6 32. dxe6 Qd8 33. f5 gxf5 34. Qxf5 Rf8 35. Qg4+ Kh8 36. Bh6 Rg8 37. Qf3 Qa8 38. Qxa8 Rxa8 39. Bg5 Re8 40. Rf1 Kg8 41. g3 Rf8 42. Rb1 Kg7 1-0

[Event "GER-chT Betriebe 18th"]
[Site "Altenberg Zinnwald"]
[Date "2018.11.08"]
[Round "2.2"]
[White "Hortolani, Sven Holger"]
[Black "Hein, Ralf"]
[Result "1-0"]
[WhiteElo "2140"]
[BlackElo "2053"]
[PlyCount "61"]
[EventDate "2018.11.08"]
[EventType "team-swiss"]
[EventRounds "7"]
[EventCountry "GER"]
[SourceTitle "EXT 2020"]
[Source "ChessBase"]
[SourceDate "2019.10.17"]
[SourceVersion "1"]
[SourceVersionDate "2019.10.17"]
[SourceQuality "1"]
[WhiteTeam "Herne Wanne Eickel EKJ"]
[BlackTeam "Hamburg Baubehoerde"]
[WhiteTeamCountry "GER"]
[BlackTeamCountry "GER"]

1. Nf3 d5 2. g3 Nf6 3. Bg2 Nc6 4. d4 Bg4 5. Ne5 Bh5 6. c4 e6 7. Qa4 Bb4+ 8. Bd2 Bxd2+ 9. Nxd2 0-0 10. Nxc6 Qe8 11. Rc1 bxc6 12. e4 e5 13. 0-0 exd4 14. Rfe1 dxc4 15. Qxc4 Rd8 16. e5 Ng4 17. h3 Nxe5 18. Qc5 f6 19. f4 Qg6 20. fxe5 Qxg3 21. exf6 Bg6 22. Qe5 Qh4 23. Qe6+ Bf7 24. Qg4 Qxf6 25. Rxc6 Rd6 26. Rxc7 Bh5 27. Qg3 Qh6 28. Rxg7+ Qxg7 29. Qxd6 Rf6 30. Qd5+ Bf7 31. Re8+ 1-0

[Event "Arber op 7th"]
[Site "Bodenmais"]
[Date "2018.07.30"]
[Round "3"]
[White "Wacker, Andreas"]
[Black "Hein, Ralf"]
[Result "0-1"]
[WhiteElo "1824"]
[BlackElo "2048"]
[PlyCount "100"]
[EventDate "2018.07.28"]
[EventType "swiss"]
[EventRounds "9"]
[EventCountry "GER"]
[SourceTitle "CBM 185 Extra"]
[Source "ChessBase"]
[SourceDate "2018.07.29"]
[SourceVersion "1"]
[SourceVersionDate "2018.07.29"]
[SourceQuality "1"]

1. e4 c5 2. Nc3 Nc6 3. g3 Nf6 4. Bg2 e6 5. f4 d5 6. e5 Nd7 7. d3 Be7 8. Nf3 0-0 9. 0-0 a6 10. a4 Rb8 11. Ne2 b5 12. axb5 axb5 13. g4 f6 14. exf6 Nxf6 15. h3 c4 16. d4 Ne4 17. Be3 Qc7 18. Ne5 Nd6 19. Ng3 Bh4 20. Kh2 b4 21. Qe2 Nb5 22. Nxc6 Qxc6 23. g5 Bxg3+ 24. Kxg3 Nd6 25. Kh2 c3 26. b3 Nf5 27. Ra4 Bb7 28. Rfa1 Ra8 29. Bf1 Rxa4 30. Rxa4 Qd6 31. Kg2 Nxe3+ 32. Qxe3 Rxf4 33. Rxb4 Re4 34. Qxc3 Qe7 35. Qd2 e5 36. c3 Rf4 37. Qe2 Qxg5+ 38. Kh2 Bc8 39. Rb8 Qf5 40. Bg2 e4 41. c4 Qd7 42. Ra8 Qb7 43. Ra5 Be6 44. Rb5 Qc7 45. Rc5 Qd6 46. Kh1 dxc4 47. Bxe4 g6 48. Bf3 Bxh3 49. Rxc4 Be6 50. Rb4 Rxf3 0-1

[Event "Arber op 7th"]
[Site "Bodenmais"]
[Date "2018.07.29"]
[Round "2"]
[White "Hein, Ralf"]
[Black "Pap, Misa"]
[Result "0-1"]
[WhiteElo "2048"]
[BlackElo "2473"]
[PlyCount "80"]
[EventDate "2018.07.28"]
[EventType "swiss"]
[EventRounds "9"]
[EventCountry "GER"]
[SourceTitle "CBM 185 Extra"]
[Source "ChessBase"]
[SourceDate "2018.07.29"]
[SourceVersion "1"]
[SourceVersionDate "2018.07.29"]
[SourceQuality "1"]

1. c4 e5 2. Nc3 Nc6 3. g3 g6 4. Bg2 Bg7 5. d3 f5 6. e4 Nf6 7. exf5 gxf5 8. Bg5 0-0 9. Nge2 h6 10. Bh4 Ne7 11. Qd2 Ng6 12. Bxf6 Qxf6 13. 0-0-0 c6 14. f4 d6 15. Rdf1 Be6 16. h3 exf4 17. Nxf4 Nxf4 18. gxf4 Qh4 19. Re1 Rae8 20. b3 Bd4 21. Re2 Bf7 22. Rhe1 Rxe2 23. Rxe2 Bxc3 24. Qxc3 Qxf4+ 25. Kc2 Re8 26. Rd2 Qe5 27. d4 Qe3 28. Qb4 Qe7 29. Bf1 d5 30. Qc3 Kh8 31. Re2 Qd6 32. Re5 f4 33. c5 Qg6+ 34. Kb2 Qg3 35. Bd3 Kg7 36. b4 Qxh3 37. Qe1 Qxd3 38. Rxe8 Qxd4+ 39. Ka3 Bxe8 40. Qxe8 Qe3+ 0-1

[Event "GER-chT Betriebe 17th"]
[Site "Berlin"]
[Date "2017.11.03"]
[Round "4.2"]
[White "Hein, Ralf"]
[Black "Lau, Peter"]
[Result "1/2-1/2"]
[WhiteElo "2045"]
[BlackElo "1743"]
[PlyCount "132"]
[EventDate "2017.11.02"]
[EventType "team-swiss"]
[EventRounds "7"]
[EventCountry "GER"]
[SourceTitle "EXT 2020"]
[Source "ChessBase"]
[SourceDate "2019.10.17"]
[SourceVersion "1"]
[SourceVersionDate "2019.10.17"]
[SourceQuality "1"]
[WhiteTeam "Hamburg Baubehoerde"]
[BlackTeam "Stuttgart Sparkassen-Vers II"]
[WhiteTeamCountry "GER"]
[BlackTeamCountry "GER"]

1. c4 f5 2. Nc3 Nf6 3. Nf3 g6 4. d4 Bg7 5. Bf4 d6 6. d5 0-0 7. e3 Kh8 8. Be2 e5 9. dxe6 Bxe6 10. Nd4 Bf7 11. Qb3 Nc6 12. Nxc6 bxc6 13. 0-0 Rb8 14. Qc2 Qe7 15. Rad1 Ne4 16. Na4 g5 17. Bg3 Nxg3 18. hxg3 Bg6 19. Bd3 Rf6 20. Rfe1 Rbf8 21. Nc3 Re6 22. Qd2 Re8 23. Ne2 Bf6 24. Kf1 Qg7 25. b3 c5 26. Qc2 Re5 27. Ng1 Qd7 28. g4 fxg4 29. Bxg6 hxg6 30. Qxg6 Qf5 31. Qxf5 Rxf5 32. g3 Kg7 33. Rd3 Be5 34. Kg2 Ref8 35. Rf1 Kg6 36. Rd5 R5f7 37. f4 gxf3+ 38. Rxf3 g4 39. Rxf7 Rxf7 40. Rd2 Rf8 41. Rf2 Rxf2+ 42. Kxf2 Kf5 43. Ne2 c6 44. Nf4 Bxf4 45. exf4 d5 46. Ke3 d4+ 47. Kd3 a5 48. a3 Ke6 49. Ke4 Kf6 50. f5 Kg5 51. Ke5 d3 52. f6 d2 53. f7 d1Q 54. f8Q Qd4+ 55. Ke6 Qe3+ 56. Kd7 Qxg3 57. Qxc5+ Kh4 58. Qxc6 Qxb3 59. c5 Qf7+ 60. Kc8 Qf8+ 61. Kb7 Qe7+ 62. Ka6 g3 63. Kxa5 Qe1+ 64. Kb6 Qb1+ 65. Ka7 Qh7+ 66. Kb6 Qb1+ 1/2-1/2

[Event "GER-chT Betriebe 17th"]
[Site "Berlin"]
[Date "2017.11.02"]
[Round "2.2"]
[White "Hein, Ralf"]
[Black "Rath, Alina"]
[Result "1/2-1/2"]
[WhiteElo "2045"]
[BlackElo "2089"]
[PlyCount "83"]
[EventDate "2017.11.02"]
[EventType "team-swiss"]
[EventRounds "7"]
[EventCountry "GER"]
[SourceTitle "EXT 2020"]
[Source "ChessBase"]
[SourceDate "2019.10.17"]
[SourceVersion "1"]
[SourceVersionDate "2019.10.17"]
[SourceQuality "1"]
[WhiteTeam "Hamburg Baubehoerde"]
[BlackTeam "Berlin Osram"]
[WhiteTeamCountry "GER"]
[BlackTeamCountry "GER"]

1. c4 c5 2. Nc3 Nc6 3. g3 g6 4. Bg2 Bg7 5. d3 e5 6. e4 Nge7 7. Nge2 0-0 8. 0-0 d6 9. a3 Be6 10. h3 Qd7 11. Kh2 f5 12. f4 Nd4 13. Nxd4 cxd4 14. Ne2 fxe4 15. Bxe4 Bxh3 16. Rf2 Be6 17. Qh1 d5 18. cxd5 Bxd5 19. Bd2 Bxe4 20. Qxe4 Nd5 21. Raf1 Nf6 22. Qg2 Ng4+ 23. Kg1 Nxf2 24. Rxf2 Rac8 25. Bb4 Rf7 26. g4 exf4 27. Rxf4 Rxf4 28. Nxf4 Rc1+ 29. Kh2 Be5 30. Qe4 Qc7 31. Kh3 Rc2 32. Qd5+ Kh8 33. Qe6 Qb8 34. Be7 Bg7 35. Bf6 Rc6 36. Bxg7+ Kxg7 37. Qe7+ Kh8 38. Ne6 Rxe6 39. Qxe6 Qf4 40. Qc8+ Kg7 41. Qxb7+ Kh6 42. Qg2 1/2-1/2

[Event "SVR-ch MTB"]
[Site "Trier"]
[Date "2016.03.19"]
[Round "1"]
[White "Neisen, Frederick"]
[Black "Hein, Ralf"]
[Result "1-0"]
[WhiteElo "1969"]
[BlackElo "1944"]
[PlyCount "69"]
[EventDate "2016.03.19"]
[EventType "tourn"]
[EventRounds "7"]
[EventCountry "GER"]
[SourceTitle "CBM 171 Extra"]
[Source "ChessBase"]
[SourceDate "2016.04.26"]
[SourceVersion "1"]
[SourceVersionDate "2016.04.26"]
[SourceQuality "1"]

1. Nf3 Nf6 2. d4 g6 3. g3 Bg7 4. Bg2 0-0 5. 0-0 d6 6. c4 Nc6 7. Nc3 a6 8. d5 Na5 9. b3 c5 10. Bb2 Rb8 11. Nd2 b5 12. Qc2 bxc4 13. bxc4 Ng4 14. Nd1 e5 15. Bc3 Bd7 16. e4 f5 17. f3 Nh6 18. Nf2 fxe4 19. fxe4 Qc7 20. Rab1 Rxb1 21. Rxb1 Rxf2 22. Kxf2 Ng4+ 23. Kg1 Bh6 24. h3 Ne3 25. Qd3 Ba4 26. Qe2 Nc2 27. Bxa5 Qxa5 28. Rb8+ Kg7 29. Qf3 Bf4 30. gxf4 Qxd2 31. fxe5 Qe3+ 32. Qxe3 Nxe3 33. Rb7+ Kf8 34. Bf1 dxe5 35. Bd3 1-0

[Event "GER-chT Betriebe 15th"]
[Site "Munich"]
[Date "2015.10.23"]
[Round "3.1"]
[White "Hein, Ralf"]
[Black "Koscielski, Janusch"]
[Result "0-1"]
[WhiteElo "2040"]
[BlackElo "2376"]
[PlyCount "82"]
[EventDate "2015.10.22"]
[EventType "team-swiss"]
[EventRounds "7"]
[EventCountry "GER"]
[SourceTitle "EXT 2020"]
[Source "ChessBase"]
[SourceDate "2019.10.17"]
[SourceVersion "1"]
[SourceVersionDate "2019.10.17"]
[SourceQuality "1"]
[WhiteTeam "Hamburg Baubehoerde"]
[BlackTeam "Herne Wanne Eickel EKJ"]
[WhiteTeamCountry "GER"]
[BlackTeamCountry "GER"]

1. c4 c5 2. Nc3 Nc6 3. g3 g6 4. Bg2 Bg7 5. d3 e6 6. e4 Nge7 7. Nge2 0-0 8. 0-0 d6 9. f4 Rb8 10. g4 f5 11. gxf5 exf5 12. Ng3 Nd4 13. Nd5 b5 14. Rb1 bxc4 15. dxc4 Nxd5 16. exd5 Re8 17. b3 Bd7 18. Qd2 Qe7 19. Bb2 Ne2+ 20. Nxe2 Qxe2 21. Rf2 Qxd2 22. Rxd2 a5 23. Bxg7 Kxg7 24. Kf2 Kf6 25. Bf3 a4 26. Rdb2 axb3 27. Rxb3 Rxb3 28. Rxb3 Ra8 29. a3 h6 30. Be2 g5 31. Kf3 Be8 32. Kg3 Bd7 33. Kf3 Ra7 34. Kg3 Ra4 35. Rc3 Ra8 36. Rb3 Re8 37. Bf3 gxf4+ 38. Kf2 Ra8 39. Be2 Ke5 40. Rh3 Ra6 41. Rxh6 Rxa3 0-1